| 000 | 00466nam a2200157 i 4500 | ||
|---|---|---|---|
| 001 | 39147 | ||
| 003 | ES-MaACL | ||
| 005 | 20230906155911.0 | ||
| 007 | t| | ||
| 008 | 030227s1966 sp ||||1| cat d | ||
| 100 | 1 |
_aCamps y Pinós, Nicasio. _934335 |
|
| 245 | 1 | 3 |
_aUn marit per a la meva dona _b: comedia cómica / _coriginal de Nicasio Camps i Pinós. |
| 260 |
_aBarcelona : _bMillá, _c1966. |
||
| 300 |
_a54 p. ; _c18 cm. |
||
| 852 |
_aES-MaACL _jC-29946 _bR.60463 |
||
| 999 |
_c39147 _d39147 |
||